Zvukové nahrávky
Uloženo v:
LEADER 02169njm a2200481 a 4500
001 000266341
003 CZ BrMZK
005 20210304102645.0
008 950101s1993 xr f eng d
028 0 3 |a 11 1837-2 031  |b Supraphon 
040 |a BOA001  |b cze 
080 |a 785.1.087.2(086.7)  |2 MRF 
080 |a 785.11.086.1(086.7)  |2 MRF 
080 |a 785.1.083.14(086.7)  |2 MRF 
100 1 |a Menuhin, Yehudi,  |d 1916-1999  |7 jn19990005610  |4 cnd 
245 1 0 |a Menuhin conducting czech music  |h [zvukový záznam] 
246 3 3 |a Muse et le Poete for Violin, Cello and Orchestra, Op.132 
246 3 3 |a Bartered bride 
246 3 3 |a Concertino for piano trio and string orchestra 
246 3 3 |a Serenade in E major for string orchestra op.22 
260 |a Praha :  |b Supraphon,  |c p1993 
300 |a 1 CD :  |b stereo, DDD ;  |c 12 cm +  |e 1 brožura (14 s.). 
500 |a Nahr. 1992 
500 |a Durata 68:28 
500 |a Text v brož. vícejaz. 
505 2 |a Concertino for Piano Trio and String Orchestra, La Muse et le Poete for Violin, Cello and Orchestra, Op.132, Serenade in E major for StringOrchestra, Op.22 ... [et al.] 
511 0 |a Edna Michell, housle; Leonid Gorochov, violoncello; Simon Mulligan, klavír. Státní filharmonie Brno, dir. Sir Yehudi Menuhin 
653 0 |a dvojkoncerty  |a housle  |a klavírní tria  |a operní předehry  |a smyčcový orchestr  |a violoncello 
700 1 |a Gorochov, Leonid,  |d 1967-  |7 jn20000602138  |4 prf 
700 1 |a Martinů, Bohuslav,  |d 1890-1959  |7 jk01080381  |4 cmp 
700 1 |a Michell, Edna  |4 prf 
700 1 |a Mulligan, Simon,  |d 1973-  |7 xx0153014  |4 prf 
700 1 |a Saint-Saëns, Camille,  |d 1835-1921  |7 jn20000604768  |4 cmp 
700 1 |a Smetana, Bedřich,  |d 1824-1884  |7 jk01120043  |4 cmp 
700 1 |a Dvořák, Antonín,  |d 1841-1904  |7 jn19981000826  |4 cmp 
710 2 |a Státní filharmonie Brno  |7 kn20030215152  |4 prf 
910 |a BOA001  |b CD-0001.455 
964 |a Violoncello a orchestr  |x CD 
964 |a Housle a orchestr  |x CD 
964 |a Orchestr komorní  |z stol.19.  |x CD 
964 |a Orchestr symfonický  |x ouvertury  |x CD 
990 |a AV 
996 6 |b 261H001486  |c CD-0001.455  |l MZK  |r Sklad / do 24 hodin  |n 0  |w 000266341  |u 000010  |a 1  |e BOA001  |j MZK50  |s P